[Event "Matinhos Caioba op"]
[Site "Matinhos"]
[Date "2015.08.14"]
[Round "1"]
[White "Przygoda, Karin"]
[Black "Cunha, Lucas Aguiar"]
[Result "1/2-1/2"]
[WhiteElo "1691"]
[BlackElo "2290"]
[PlyCount "88"]
[EventDate "2015.08.14"]
[EventType "swiss"]
[EventRounds "6"]
[EventCountry "BRA"]
[SourceTitle "OM OTB B 201907"]
[Source "Opening Master"]
[SourceDate "2019.07.06"]
[SourceVersion "2"]
[SourceVersionDate "2019.07.06"]
[SourceQuality "1"]

1. e4 c5 2. Nf3 Nc6 3. d4 cxd4 4. Nxd4 Nf6 5. Nc3 d6 6. Be2 e5 7. Nb3 Be7 8.
O-O O-O 9. Be3 Be6 10. a3 Na5 11. Nxa5 Qxa5 12. Bd3 Ng4 13. Bd2 Qc7 14. Nd5
Bxd5 15. exd5 Nf6 16. Qf3 b5 17. Bc3 Qb7 18. Rfd1 Rac8 19. Bb4 Qb6 20. Bf5 Rc4
21. Qe2 a5 22. Bc3 g6 23. Bd3 Rc5 24. Bxa5 Qa7 25. b4 Rxd5 26. Bxb5 Rd4 27.
Rxd4 Qxd4 28. Rd1 Qb2 29. Qd3 Rc8 30. Bc4 d5 31. Qb3 Qxb3 32. Bxb3 d4 33. f3
Ne8 34. a4 Ra8 35. Kf2 Kg7 36. Ke2 f5 37. Kd3 Kf6 38. Ra1 Rb8 39. b5 Bc5 40. c3
dxc3 41. Bxc3 Rd8+ 42. Kc2 Rc8 43. Kb2 Bb6 44. a5 Rxc3 1/2-1/2

[Event "Rafsanjan op 1st"]
[Site "Rafsanjan"]
[Date "2015.08.13"]
[Round "6"]
[White "Behroozimoghaddam, Hamed"]
[Black "Vahdani, Mojtaba"]
[Result "0-1"]
[WhiteElo "1634"]
[BlackElo "2046"]
[PlyCount "54"]
[EventDate "2015.08.10"]
[EventType "swiss"]
[EventRounds "9"]
[EventCountry "IRI"]
[SourceTitle "OM OTB B 201907"]
[Source "Opening Master"]
[SourceDate "2019.07.06"]
[SourceVersion "2"]
[SourceVersionDate "2019.07.06"]
[SourceQuality "1"]

1. e4 c5 2. Nf3 Nc6 3. d4 cxd4 4. Nxd4 Nf6 5. Nc3 d6 6. Be2 e5 7. Nb3 Be7 8.
O-O O-O 9. Bg5 a5 10. a4 Nb4 11. Bxf6 Bxf6 12. Nd5 Nxd5 13. Qxd5 Qc7 14. Qd2
Be6 15. Rfd1 Rfd8 16. Bf3 h6 17. Ra3 Bg5 18. Qd3 Rac8 19. Na1 Bc4 20. Qc3 Qb6
21. Bg4 Rc6 22. Rb1 Ba2 23. Qe1 Bxb1 24. Qxb1 Rc4 25. Bf3 Rdc8 26. Rb3 Rb4 27.
Rxb4 Qxb4 0-1

[Event "Belgrade Jezero op"]
[Site "Belgrade"]
[Date "2015.08.11"]
[Round "4"]
[White "Popovic, Mladen"]
[Black "Maksimovic, Marko"]
[Result "1/2-1/2"]
[WhiteElo "2113"]
[BlackElo "2215"]
[PlyCount "78"]
[EventDate "2015.08.08"]
[EventType "swiss"]
[EventRounds "9"]
[EventCountry "SRB"]
[SourceTitle "OM OTB B 201907"]
[Source "Opening Master"]
[SourceDate "2019.07.06"]
[SourceVersion "2"]
[SourceVersionDate "2019.07.06"]
[SourceQuality "1"]

1. e4 c5 2. Nf3 Nc6 3. d4 cxd4 4. Nxd4 d6 5. Nc3 Nf6 6. Be2 e5 7. Nb3 Be7 8.
O-O O-O 9. Bg5 Nxe4 10. Bxe7 Nxc3 11. Bxd8 Nxd1 12. Bc7 Nxb2 13. a4 d5 14. Bb5
Nc4 15. Rfd1 a6 16. Bxc4 dxc4 17. Na5 Nxa5 18. Bxa5 Bf5 19. c3 Bd3 20. Bb6 f5
21. a5 e4 22. Ra2 f4 23. Rb2 Rae8 24. Bd4 Rf7 25. Re1 Ree7 26. g3 g5 27. h4 h6
28. Rb6 Kh7 29. hxg5 hxg5 30. Kg2 f3+ 31. Kh3 Kg8 32. Kg4 Be2 33. Be3 Rh7 34.
Rg6+ Kf7 35. Rxg5 Rg7 36. Rb1 Rxg5+ 37. Kxg5 Bd3 38. Rb6 Re5+ 39. Kf4 Rxa5
1/2-1/2

[Event "Paraense-ch"]
[Site "Belem"]
[Date "2015.08.08"]
[Round "3"]
[White "Leao, Flavio Sanchez"]
[Black "Cavalheiro, Alvancir Elves"]
[Result "0-1"]
[WhiteElo "1855"]
[BlackElo "1824"]
[PlyCount "84"]
[EventDate "2015.08.07"]
[EventType "swiss"]
[EventRounds "6"]
[EventCountry "BRA"]
[SourceTitle "OM OTB B 201907"]
[Source "Opening Master"]
[SourceDate "2019.07.06"]
[SourceVersion "2"]
[SourceVersionDate "2019.07.06"]
[SourceQuality "1"]

1. e4 c5 2. Nf3 d6 3. d4 cxd4 4. Nxd4 Nf6 5. Nc3 Nc6 6. Be2 e5 7. Nb3 a6 8. Bg5
Be6 9. Qd2 h6 10. Bh4 g5 11. Bg3 Qc7 12. Rc1 Rd8 13. Nd5 Bxd5 14. exd5 Ne7 15.
c4 Ng6 16. O-O Be7 17. Qc2 O-O 18. Nd2 Kg7 19. Bd3 Nd7 20. Bxg6 fxg6 21. Ne4
Nc5 22. b4 Nxe4 23. Qxe4 Qb6 24. c5 dxc5 25. Bxe5+ Kh7 26. bxc5 Bxc5 27. Bd4
Bxd4 28. Qe7+ Bg7 29. Rc7 Qf6 30. Qxf6 Rxf6 31. g3 Rxd5 32. Re1 Kg8 33. Re8+
Rf8 34. Ree7 Bd4 35. Re6 Rf7 36. Rxg6+ Rg7 37. Rgxg7+ Bxg7 38. Rxb7 Ra5 39. f4
gxf4 40. gxf4 Rxa2 41. f5 Rb2 42. Ra7 Bd4+ 0-1

[Event "GBR-ch Major 102nd"]
[Site "Coventry"]
[Date "2015.08.07"]
[Round "11"]
[White "Pink, Joshua"]
[Black "Gallagher, Daniel GH"]
[Result "1/2-1/2"]
[WhiteElo "1826"]
[BlackElo "1902"]
[PlyCount "78"]
[EventDate "2015.07.27"]
[EventType "swiss"]
[EventRounds "11"]
[EventCountry "ENG"]
[SourceTitle "OM OTB B 201907"]
[Source "Opening Master"]
[SourceDate "2019.07.06"]
[SourceVersion "2"]
[SourceVersionDate "2019.07.06"]
[SourceQuality "1"]

1. e4 c5 2. Nf3 d6 3. d4 cxd4 4. Nxd4 Nf6 5. Nc3 Nc6 6. Be2 e5 7. Nf5 Bxf5 8.
exf5 Qd7 9. g4 h6 10. f4 Be7 11. h4 Nd4 12. Be3 Qc6 13. Rh2 Nxe2 14. Qxe2 h5
15. gxh5 Nxh5 16. fxe5 O-O-O 17. O-O-O dxe5 18. Rxd8+ Bxd8 19. Qg4 Kb8 20. Rd2
Qh1+ 21. Rd1 Qxh4 22. Qxh4 Bxh4 23. Rd7 Ng3 24. Nb5 Nxf5 25. Bxa7+ Kc8 26. Rc7+
Kd8 27. b4 Nd6 28. Rc5 Nxb5 29. Rxb5 Bg5+ 30. Kd1 Rh2 31. Rxb7 Rd2+ 32. Ke1
Rxc2 33. Rxf7 Rxa2 34. Rxg7 Bd2+ 35. Kf1 Bxb4 36. Bb6+ Ke8 37. Rc7 Bd2 38. Rc5
Bf4 39. Bc7 Kd7 1/2-1/2

[Event "BCF-ch U14"]
[Site "Coventry"]
[Date "2015.08.04"]
[Round "4"]
[White "Ashworth, Robert M"]
[Black "Cocks, Elliot"]
[Result "0-1"]
[WhiteElo "1529"]
[BlackElo "1780"]
[PlyCount "56"]
[EventDate "2015.08.02"]
[EventType "swiss"]
[EventRounds "7"]
[EventCountry "ENG"]
[SourceTitle "OM OTB B 201907"]
[Source "Opening Master"]
[SourceDate "2019.07.06"]
[SourceVersion "2"]
[SourceVersionDate "2019.07.06"]
[SourceQuality "1"]

1. e4 c5 2. Nf3 Nc6 3. d4 cxd4 4. Nxd4 Nf6 5. Nc3 d6 6. Be2 e5 7. Nb3 h6 8. Be3
Be6 9. h3 Be7 10. O-O O-O 11. Qd2 d5 12. exd5 Nxd5 13. Nxd5 Bxd5 14. Rad1 Be6
15. Nc5 Bf5 16. Bd3 Nd4 17. Bxf5 Nxf5 18. Nb3 Nxe3 19. Qxe3 Qc7 20. c3 a5 21.
Rd5 a4 22. Nc5 Ra5 23. Re1 Bxc5 24. Qxe5 Qxe5 25. Rexe5 b6 26. g4 f6 27. Rf5 g6
28. Rf3 Bxf2+ 0-1

[Event "POL-chT U19 2nd League"]
[Site "Iwonicz"]
[Date "2015.08.01"]
[Round "4.25"]
[White "Ogonowski, Jakub"]
[Black "Czerniawski, Krzysztof"]
[Result "1/2-1/2"]
[WhiteElo "1821"]
[BlackElo "1846"]
[PlyCount "125"]
[EventDate "2015.07.25"]
[EventType "team-swiss"]
[EventRounds "11"]
[EventCountry "POL"]
[SourceTitle "OM OTB B 201907"]
[Source "Opening Master"]
[SourceDate "2019.07.06"]
[SourceVersion "2"]
[SourceVersionDate "2019.07.06"]
[SourceQuality "1"]
[WhiteTeam "Warszawa UKS Czternastka U19"]
[BlackTeam "Kozuchow KSz Odrodzenie U19"]
[WhiteTeamCountry "POL"]
[BlackTeamCountry "POL"]

1. e4 c5 2. Nf3 d6 3. d4 cxd4 4. Nxd4 Nf6 5. Nc3 Nc6 6. Be2 e5 7. Nb3 Be6 8.
Bg5 Be7 9. O-O O-O 10. Bxf6 Bxf6 11. Nd5 Bg5 12. c3 Ne7 13. c4 Bxd5 14. cxd5 f5
15. exf5 Nxf5 16. Bg4 g6 17. Nd2 Bxd2 18. Bxf5 Bh6 19. Be6+ Kg7 20. Qb3 Qb6 21.
Rad1 Qxb3 22. axb3 a5 23. Ra1 b6 24. Ra4 b5 25. Rh4 Bd2 26. Bd7 Rab8 27. Re4
Rf7 28. Bc6 Bb4 29. Rc1 g5 30. f3 Rf4 31. Rxf4 gxf4 32. g3 fxg3 33. hxg3 Bc5+
34. Kg2 b4 35. Rh1 Kg6 36. Rh4 h5 37. g4 hxg4 38. Rxg4+ Kf6 39. Bd7 Bd4 40. f4
exf4 41. Rxf4+ Ke5 42. Rf5+ Ke4 43. Rg5 Be5 44. Be6 Rh8 45. Kf2 Rh2+ 46. Rg2
Rxg2+ 47. Kxg2 Bxb2 48. Kf2 Kd4 49. Bd7 Kxd5 50. Ke3 Bf6 51. Kd3 Ke5 52. Bb5
Kf4 53. Bc6 Be5 54. Bb5 Kf3 55. Bc6+ Kf2 56. Kc4 Ke3 57. Bd5 Bf6 58. Bc6 Kd2
59. Ba4 Kc2 60. Bc6 Kb2 61. Ba4 Ka3 62. Kd5 Be5 63. Kc4 1/2-1/2

[Event "POL-chT U19 2nd League"]
[Site "Iwonicz"]
[Date "2015.08.01"]
[Round "3.5"]
[White "Rogacka, Natalia"]
[Black "Glapa, Anna"]
[Result "0-1"]
[WhiteElo "1657"]
[BlackElo "1688"]
[PlyCount "168"]
[EventDate "2015.07.25"]
[EventType "team-swiss"]
[EventRounds "11"]
[EventCountry "POL"]
[SourceTitle "OM OTB B 201907"]
[Source "Opening Master"]
[SourceDate "2019.07.06"]
[SourceVersion "2"]
[SourceVersionDate "2019.07.06"]
[SourceQuality "1"]
[WhiteTeam "Wroclaw MUKS MDK Fabryczna U19"]
[BlackTeam "Leszno Wieniawa U19"]
[WhiteTeamCountry "POL"]
[BlackTeamCountry "POL"]

1. e4 c5 2. Nf3 Nc6 3. d4 cxd4 4. Nxd4 Nf6 5. Nc3 d6 6. Be2 e5 7. Nb3 Be7 8.
O-O a5 9. Be3 a4 10. Nd2 a3 11. b3 O-O 12. f4 exf4 13. Rxf4 d5 14. exd5 Nxd5
15. Nxd5 Qxd5 16. Bc4 Qe5 17. Re4 Qa5 18. Bd3 Be6 19. Nc4 Bxc4 20. Bxc4 Bf6 21.
Rb1 Rad8 22. Qe2 Nb4 23. Qe1 Nc6 24. Qxa5 Nxa5 25. Bc5 Rfe8 26. Rxe8+ Rxe8 27.
Bxa3 Nxc4 28. bxc4 Bd4+ 29. Kf1 b6 30. Bb2 Bc5 31. Rd1 h6 32. Rd3 Re4 33. Ba3
Rf4+ 34. Ke1 Bf2+ 35. Kd1 Rxc4 36. Bb2 Rf4 37. Ke2 Bc5 38. Rf3 Rc4 39. Kd2 Rg4
40. g3 Ra4 41. a3 Ra7 42. h3 Kh7 43. g4 Rd7+ 44. Kc3 Kg6 45. Kb3 f6 46. Bc1 Ra7
47. a4 Re7 48. Ba3 Re3+ 49. Rxe3 Bxe3 50. Kc4 h5 51. Kb5 hxg4 52. hxg4 Kg5 53.
c4 Kxg4 54. c5 bxc5 55. Bxc5 Bxc5 56. Kxc5 f5 57. a5 f4 58. a6 f3 59. a7 f2 60.
a8=Q f1=Q 61. Qe4+ Kg5 62. Qe3+ Kh5 63. Qe8+ g6 64. Qh8+ Kg4 65. Kb4 Qf4+ 66.
Kb3 g5 67. Kc2 Qe4+ 68. Kd1 Kg3 69. Qb8+ Qf4 70. Qh8 g4 71. Kc2 Kg2 72. Kd1 g3
73. Qb2+ Qf2 74. Qb8 Kg1 75. Qb4 Qf1+ 76. Kd2 g2 77. Qg4 Qf2+ 78. Kd1 Qe3 79.
Qf5 Kh2 80. Qh5+ Qh3 81. Qe2 Qb3+ 82. Ke1 Qb1+ 83. Kf2 g1=Q+ 84. Kf3+ Kh1 0-1

[Event "Martigny op 24th"]
[Site "Martigny"]
[Date "2015.08.01"]
[Round "2"]
[White "Javet, Blaise"]
[Black "Fuchs, Judith"]
[Result "0-1"]
[WhiteElo "2005"]
[BlackElo "2291"]
[PlyCount "61"]
[EventDate "2015.07.31"]
[EventType "swiss"]
[EventRounds "7"]
[EventCountry "SUI"]
[SourceTitle "OM OTB B 201907"]
[Source "Opening Master"]
[SourceDate "2019.07.06"]
[SourceVersion "2"]
[SourceVersionDate "2019.07.06"]
[SourceQuality "1"]

1. e4 c5 2. Nf3 d6 3. d4 cxd4 4. Nxd4 Nf6 5. Nc3 Nc6 6. Be2 e5 7. Nb3 Be7 8. g4
h6 9. Be3 a5 10. Nd5 Nxd5 11. exd5 Nb8 12. a4 Nd7 13. Bb5 O-O 14. Qd2 e4 15.
Bxd7 Bxd7 16. Rg1 Bg5 17. Bxg5 hxg5 18. Nd4 Qf6 19. Rg3 g6 20. h3 Rfc8 21. b3
b5 22. axb5 Bxb5 23. Rc1 Bd7 24. c4 a4 25. bxa4 Rxa4 26. Rgc3 Qe5 27. Qe3 Rca8
28. R1c2 Ra1+ 29. Rc1 Qh2 30. Qxg5 R8a2 31. Qe3 0-1

[Event "Terre degli Elimi op 6th"]
[Site "Erice"]
[Date "2015.07.30"]
[Round "4"]
[White "Alonso, Salvador"]
[Black "Madiai, Federico"]
[Result "1-0"]
[WhiteElo "2505"]
[BlackElo "2227"]
[PlyCount "69"]
[EventDate "2015.07.28"]
[EventType "swiss"]
[EventRounds "9"]
[EventCountry "ITA"]
[SourceTitle "OM OTB B 201907"]
[Source "Opening Master"]
[SourceDate "2019.07.06"]
[SourceVersion "2"]
[SourceVersionDate "2019.07.06"]
[SourceQuality "1"]

1. e4 c5 2. Nf3 Nc6 3. d4 cxd4 4. Nxd4 Nf6 5. Nc3 d6 6. Be2 e5 7. Nf3 h6 8. O-O
Be7 9. Re1 O-O 10. h3 Be6 11. Bf1 Qd7 12. Nd5 Bd8 13. c4 Bxd5 14. exd5 Ne7 15.
b3 Bb6 16. Bb2 Rae8 17. b4 Nf5 18. Bd3 Nd4 19. Nxd4 Bxd4 20. Bxd4 exd4 21. Rxe8
Qxe8 22. Qd2 b5 23. cxb5 Qe5 24. a4 Qxd5 25. a5 Rb8 26. Qc2 Qa8 27. Qc6 d5 28.
Rc1 Ne4 29. Qxa8 Rxa8 30. Rc7 g6 31. a6 Kg7 32. Rxa7 Rxa7 33. b6 Rxa6 34. Bxa6
Nf6 35. Bb5 1-0

[Event "BCF-ch U15"]
[Site "Coventry"]
[Date "2015.07.27"]
[Round "2"]
[White "Idle, Oscar J"]
[Black "Cocks, Elliot"]
[Result "1/2-1/2"]
[WhiteElo "1692"]
[BlackElo "1780"]
[PlyCount "96"]
[EventDate "2015.07.27"]
[EventType "swiss"]
[EventRounds "7"]
[EventCountry "ENG"]
[SourceTitle "OM OTB B 201907"]
[Source "Opening Master"]
[SourceDate "2019.07.06"]
[SourceVersion "2"]
[SourceVersionDate "2019.07.06"]
[SourceQuality "1"]

1. e4 c5 2. Nf3 d6 3. d4 cxd4 4. Nxd4 Nf6 5. Nc3 Nc6 6. Be2 e5 7. Nb3 h6 8. Be3
Be6 9. f3 Be7 10. Qd2 a6 11. O-O O-O 12. Rad1 b5 13. Nd5 Ne8 14. c4 Rb8 15. c5
Bg5 16. Bxg5 Qxg5 17. Qxg5 hxg5 18. Rc1 Bxd5 19. exd5 Ne7 20. Rfd1 Nf6 21. cxd6
Nexd5 22. Rc5 Nf4 23. Bf1 Nd7 24. Rc6 Rb6 25. Rxb6 Nxb6 26. Nc5 Rd8 27. Nxa6
Nc4 28. Bxc4 bxc4 29. Nc5 Ne2+ 30. Kf2 Nd4 31. d7 Kf8 32. Re1 f6 33. Rc1 Ra8
34. Nb7 Ne6 35. Rxc4 Rxa2 36. Rc2 Ke7 37. Rd2 Nd8 38. Nxd8 Kxd8 39. Ke3 Ra4 40.
Ke2 g4 41. Kd1 gxf3 42. gxf3 g5 43. Kc2 Rf4 44. Rd3 g4 45. fxg4 Rxg4 46. Rf3
Rg2+ 47. Kc3 Rxh2 48. Rxf6 Kxd7 1/2-1/2

[Event "POR-ch U16"]
[Site "Luso"]
[Date "2015.07.24"]
[Round "4"]
[White "Fidalgo, Andre Neves"]
[Black "Paiva, Henrique MA Alberg"]
[Result "1-0"]
[WhiteElo "2029"]
[BlackElo "1749"]
[PlyCount "49"]
[EventDate "2015.07.22"]
[EventType "swiss"]
[EventRounds "7"]
[EventCountry "POR"]
[SourceTitle "OM OTB B 201907"]
[Source "Opening Master"]
[SourceDate "2019.07.06"]
[SourceVersion "2"]
[SourceVersionDate "2019.07.06"]
[SourceQuality "1"]

1. e4 c5 2. Nf3 d6 3. d4 cxd4 4. Nxd4 Nf6 5. Nc3 Nc6 6. Be2 e5 7. Nb3 Be6 8.
O-O Be7 9. Kh1 O-O 10. f4 exf4 11. Bxf4 d5 12. e5 Ne4 13. Nxe4 dxe4 14. c3 Qxd1
15. Rfxd1 Bxb3 16. axb3 Rfd8 17. Bc4 Bc5 18. b4 Bf2 19. Rf1 e3 20. b5 Nxe5 21.
Bxe5 Re8 22. Bg3 e2 23. Bxf7+ Kh8 24. Bxe8 exf1=Q+ 25. Rxf1 1-0

[Event "Pardubice op rap 26th"]
[Site "Pardubice"]
[Date "2015.07.23"]
[Round "7"]
[White "Galan Fernandez, Felix"]
[Black "Schula, Michal"]
[Result "0-1"]
[WhiteElo "1970"]
[BlackElo "2305"]
[PlyCount "150"]
[EventDate "2015.07.22"]
[EventType "swiss (rapid)"]
[EventRounds "9"]
[EventCountry "CZE"]
[SourceTitle "OM OTB B 201907"]
[Source "Opening Master"]
[SourceDate "2019.07.06"]
[SourceVersion "2"]
[SourceVersionDate "2019.07.06"]
[SourceQuality "1"]

1. e4 c5 2. Nf3 d6 3. d4 cxd4 4. Nxd4 Nf6 5. Nc3 Nc6 6. Be2 e5 7. Nb3 Be7 8.
O-O a5 9. a4 O-O 10. Be3 Be6 11. Qd2 Nb4 12. Rad1 Rc8 13. f3 Qc7 14. Rc1 b6 15.
Rfd1 Rfd8 16. Qe1 Qb7 17. Bd3 d5 18. exd5 Nfxd5 19. Nxd5 Bxd5 20. Qe2 g6 21. c4
Nxd3 22. Rxd3 Bc6 23. c5 Bxa4 24. cxb6 Rxc1+ 25. Nxc1 Rc8 26. Rc3 Bc6 27. Nb3
Bb4 28. Rc4 Bd5 29. Rxc8+ Qxc8 30. Nd2 Qc2 31. Kf2 Qxb2 32. Qb5 Bb7 33. Kg3 Qc3
34. Bh6 Qc6 35. Qxc6 Bxc6 36. Nc4 f6 37. Be3 a4 38. Bc1 Kf7 39. Kf2 Ke6 40. Ke3
Kd5 41. Nd2 Bc5+ 42. Kd3 Bxb6 43. Ne4 Bb5+ 44. Kc2 Bd8 45. Nc3+ Kc4 46. Nb1 Be7
47. Nd2+ Kd5 48. Nb1 f5 49. Bb2 Bd6 50. Nc3+ Kc4 51. Nb1 h5 52. Nd2+ Kd5 53.
Nb1 h4 54. Nc3+ Kc4 55. Nd1 Bc6 56. Ne3+ Kb5 57. h3 Bd7 58. Nd1 Be6 59. Nc3+
Ka5 60. Nb1 Bb3+ 61. Kd3 Bd5 62. Nc3 Bc6 63. Kc4 a3 64. Ba1 e4 65. fxe4 fxe4
66. Ne2 e3 67. Bc3+ Ka6 68. Kd3 Bxg2 69. Kxe3 Bxh3 70. Kf3 Bd7 71. Nd4 g5 72.
Ba1 g4+ 73. Kg2 h3+ 74. Kh1 a2 75. Bc3 Bc8 0-1

[Event "Elekes Memorial op"]
[Site "Budapest"]
[Date "2015.07.20"]
[Round "3"]
[White "Geher, Laszlo"]
[Black "Gyurkovics, Miklos"]
[Result "0-1"]
[WhiteElo "1873"]
[BlackElo "2102"]
[PlyCount "36"]
[EventDate "2015.07.18"]
[EventType "swiss"]
[EventRounds "9"]
[EventCountry "HUN"]
[SourceTitle "OM OTB B 201907"]
[Source "Opening Master"]
[SourceDate "2019.07.06"]
[SourceVersion "2"]
[SourceVersionDate "2019.07.06"]
[SourceQuality "1"]

1. e4 c5 2. Nf3 Nc6 3. d4 cxd4 4. Nxd4 Nf6 5. Nc3 d6 6. Be2 e5 7. Nb3 Be7 8.
O-O O-O 9. Bg5 Be6 10. Bf3 a6 11. Re1 Rc8 12. Bxf6 Bxf6 13. Nd5 Bg5 14. c3 Nb8
15. Qd3 Nd7 16. Rad1 g6 17. Ne3 Rc6 18. Nc2 Bc4 0-1

[Event "33rd Andorra Open 2015"]
[Site "Erts AND"]
[Date "2015.07.18"]
[Round "1.9"]
[White "Urena Casacuberta, L."]
[Black "Demuth, A."]
[Result "0-1"]
[WhiteElo "1939"]
[BlackElo "2531"]
[PlyCount "48"]
[EventDate "2015.??.??"]

1. e4 c5 2. Nf3 d6 3. d4 cxd4 4. Nxd4 Nf6 5. Nc3 Nc6 6. Be2 e5 7. Nf3 h6 8. h3
Be7 9. Be3 O-O 10. a3 a6 11. Qd3 Be6 12. Nd2 d5 13. exd5 Nxd5 14. Nxd5 Bxd5 15.
Bf3 Bxf3 16. Qxd8 Raxd8 17. Nxf3 f5 18. Rd1 Bf6 19. b3 e4 20. Rxd8 Rxd8 21. Nd2
g5 22. f4 Nd4 23. Bxd4 Bxd4 24. Rf1 Bc3 0-1

[Event "Warsaw Najdorf Memorial op-A 13th"]
[Site "Warsaw"]
[Date "2015.07.16"]
[Round "7"]
[White "Karpus, Michal"]
[Black "Cukrowski, Filip"]
[Result "1/2-1/2"]
[WhiteElo "2114"]
[BlackElo "2330"]
[PlyCount "107"]
[EventDate "2015.07.10"]
[EventType "swiss"]
[EventRounds "9"]
[EventCountry "POL"]
[SourceTitle "OM OTB B 201907"]
[Source "Opening Master"]
[SourceDate "2019.07.06"]
[SourceVersion "2"]
[SourceVersionDate "2019.07.06"]
[SourceQuality "1"]

1. e4 c5 2. Nf3 d6 3. d4 cxd4 4. Nxd4 Nf6 5. Nc3 Nc6 6. Be2 e5 7. Nf3 Be7 8.
O-O O-O 9. Re1 h6 10. h3 Be6 11. Bf1 Rc8 12. Nd5 Na5 13. Nxe7+ Qxe7 14. b3 Qc7
15. Ba3 Rfd8 16. c4 b6 17. Nh4 Nb7 18. Qf3 Nc5 19. Bc1 Qe7 20. Nf5 Bxf5 21.
exf5 e4 22. Qg3 Qe5 23. Qxe5 dxe5 24. Bb2 Re8 25. Rad1 a5 26. Rd6 Rb8 27. Red1
Nh5 28. Ba3 Na6 29. Bb2 Nc5 30. Bc1 Rec8 31. g3 a4 32. Be3 axb3 33. axb3 Nxb3
34. Rxb6 Rxb6 35. Bxb6 Nf6 36. Be3 Kf8 37. g4 Ke7 38. Be2 Nd7 39. Kg2 f6 40. h4
Nbc5 41. Rd5 Rc6 42. Kg3 Na4 43. Rd2 Ndc5 44. g5 hxg5 45. hxg5 Nb6 46. Rb2 Nbd7
47. Rd2 fxg5 48. Bxg5+ Nf6 49. Ra2 Rc7 50. Ra5 Nd3 51. Bxd3 exd3 52. Rxe5+ Kf7
53. Bxf6 Kxf6 54. Rd5 1/2-1/2

[Event "Warsaw Najdorf Memorial op-A 13th"]
[Site "Warsaw"]
[Date "2015.07.16"]
[Round "7"]
[White "Mickiewicz, Piotr"]
[Black "Bromberger, Stefan"]
[Result "1-0"]
[WhiteElo "2356"]
[BlackElo "2556"]
[PlyCount "81"]
[EventDate "2015.07.10"]
[EventType "swiss"]
[EventRounds "9"]
[EventCountry "POL"]
[SourceTitle "OM OTB B 201907"]
[Source "Opening Master"]
[SourceDate "2019.07.06"]
[SourceVersion "2"]
[SourceVersionDate "2019.07.06"]
[SourceQuality "1"]

1. e4 c5 2. Nf3 d6 3. d4 cxd4 4. Nxd4 Nf6 5. Nc3 Nc6 6. Be2 e5 7. Nb3 Be7 8.
O-O O-O 9. f4 a6 10. a4 Re8 11. Kh1 Nb4 12. a5 Qc7 13. Ra4 d5 14. fxe5 Qxe5 15.
Bf4 Qe6 16. Nd4 Qd7 17. e5 Ne4 18. Bh5 Nxc3 19. Bxf7+ Kxf7 20. Qh5+ Kg8 21. e6
g6 22. exd7 Bxd7 23. Qf3 Nxa4 24. c3 Nc5 25. cxb4 Ne4 26. Qb3 Bc6 27. Nxc6 bxc6
28. Qh3 Bxb4 29. Qd7 Nf2+ 30. Kg1 Bc5 31. g3 g5 32. Bd6 Bd4 33. Qxc6 Ng4+ 34.
Kh1 Ne3 35. Be7 Nxf1 36. Qxd5+ Kg7 37. Qxd4+ Kf7 38. Qf6+ Kg8 39. Qxg5+ Kf7 40.
Qf6+ Kg8 41. Bb4 1-0

[Event "VIE-chT (Women)"]
[Site "Ho Chi Minh City"]
[Date "2015.07.16"]
[Round "1.6"]
[White "Luong, Phuong Hanh"]
[Black "Phan, Thao Nguyen"]
[Result "1-0"]
[WhiteElo "2143"]
[BlackElo "1571"]
[PlyCount "119"]
[EventDate "2015.07.16"]
[EventType "team-swiss"]
[EventRounds "9"]
[EventCountry "VIE"]
[SourceTitle "OM OTB B 201907"]
[Source "Opening Master"]
[SourceDate "2019.07.06"]
[SourceVersion "2"]
[SourceVersionDate "2019.07.06"]
[SourceQuality "1"]

1. e4 c5 2. Nf3 Nc6 3. d4 cxd4 4. Nxd4 Nf6 5. Nc3 d6 6. Be2 e5 7. Nf3 Be7 8.
O-O O-O 9. Bg5 Bg4 10. Bxf6 Bxf6 11. Nd5 Bxf3 12. Bxf3 Rc8 13. Bg4 Rb8 14. c3
Bg5 15. Qd3 Ne7 16. Ne3 Qc7 17. Rad1 Rfd8 18. Rfe1 b5 19. g3 Bxe3 20. Qxe3 b4
21. c4 Nc6 22. Rd5 Nd4 23. Rc1 b3 24. a3 Nc2 25. Qd3 Qe7 26. Bd1 Nd4 27. Rc3
Ne6 28. Rb5 Rxb5 29. cxb5 h6 30. Bxb3 Ng5 31. Bd5 Qf6 32. Kg2 Qe7 33. Qe3 Qd7
34. h4 Nh7 35. Qc1 Qxb5 36. Rc7 Rf8 37. Rxa7 Nf6 38. Qd2 Qc5 39. Ra5 Qb6 40. b4
Qc7 41. Ra6 Qd7 42. Rxd6 Qa7 43. Qd3 Ng4 44. Qf3 h5 45. Qf5 Qc7 46. Rd7 Qc2 47.
Rxf7 Ne3+ 48. Kh3 Nxf5 49. Rc7+ Kh7 50. Rxc2 Nd4 51. Rb2 Nf3 52. a4 Ne1 53. Rd2
Nf3 54. Ra2 Ne1 55. Bc4 Rd8 56. a5 Rd4 57. Bd5 Rxb4 58. a6 Rb1 59. a7 Nd3 60.
a8=Q 1-0

[Event "FICS unrated standard game"]
[Site "FICS freechess.org"]
[Date "2015.07.16"]
[Round "?"]
[White "MichalKarpus"]
[Black "FilipCukrowski"]
[Result "1/2-1/2"]
[WhiteElo "2114"]
[BlackElo "2330"]
[PlyCount "104"]
[EventDate "2015.??.??"]

1. e4 c5 2. Nf3 d6 3. d4 cxd4 4. Nxd4 Nf6 5. Nc3 Nc6 6. Be2 e5 7. Nf3 Be7 8.
O-O O-O 9. Re1 h6 10. h3 Be6 11. Bf1 Rc8 12. Nd5 Na5 13. Nxe7+ Qxe7 14. b3 Qc7
15. Ba3 Rfd8 16. c4 b6 17. Nh4 Nb7 18. Qf3 Nc5 19. Bc1 Qe7 20. Nf5 Bxf5 21.
exf5 e4 22. Qg3 Qe5 23. Qxe5 dxe5 24. Bb2 Re8 25. Rad1 a5 26. Rd6 Rb8 27. Red1
Nh5 28. Ba3 Na6 29. Bb2 Nc5 30. Bc1 Rec8 31. g3 a4 32. Be3 axb3 33. axb3 Nxb3
34. Rxb6 Rxb6 35. Bxb6 Nf6 36. Be3 Kf8 37. g4 Ke7 38. Be2 Nd7 39. Kg2 f6 40. h4
Nbc5 41. Rd5 Rc6 42. Kg3 Na4 43. Rd2 Ndc5 44. g5 hxg5 45. hxg5 Nb6 46. Rb2 Nbd7
47. Rd2 fxg5 48. Bxg5+ Nf6 49. Ra2 Rc7 50. Ra5 Nd3 51. Bxd3 exd3 52. Rxe5+ Kf7
1/2-1/2

[Event "Budapest FS07 FM-B"]
[Site "Budapest"]
[Date "2015.07.12"]
[Round "9"]
[White "Bacsi, Andras"]
[Black "Pogats, Jozsef Jr"]
[Result "1-0"]
[WhiteElo "1748"]
[BlackElo "1745"]
[PlyCount "59"]
[EventDate "2015.07.04"]
[EventType "tourn"]
[EventRounds "11"]
[EventCountry "HUN"]
[SourceTitle "OM OTB B 201907"]
[Source "Opening Master"]
[SourceDate "2019.07.06"]
[SourceVersion "2"]
[SourceVersionDate "2019.07.06"]
[SourceQuality "1"]

1. e4 c5 2. Nf3 Nc6 3. d4 cxd4 4. Nxd4 Nf6 5. Nc3 d6 6. Be2 e5 7. Nb3 Be7 8.
O-O O-O 9. Be3 a5 10. a4 Nb4 11. f4 Be6 12. Kh1 Rc8 13. Bd3 Nxd3 14. cxd3 exf4
15. Rxf4 Nd7 16. Nd4 Ne5 17. Nxe6 fxe6 18. Rxf8+ Bxf8 19. Qe2 d5 20. exd5 exd5
21. Bd4 Nc6 22. Qe6+ Kh8 23. Bg1 Nb4 24. Rf1 Nxd3 25. Nxd5 Nxb2 26. Bd4 Ba3 27.
Bxg7+ Kxg7 28. Rf7+ Kh8 29. Qe5+ Kg8 30. Qg7# 1-0